5HLuxD.jpg

KING HENRY VIII SENIOR AND PRIMARY SCHOOL LIBRARY OPAC

The clockwork sparrow / (Record no. 6025)

000 -LEADER
fixed length control field 01554cam a2200349 i 4500
001 - CONTROL NUMBER
control field 19169185
003 - CONTROL NUMBER IDENTIFIER
control field OSt
005 - DATE AND TIME OF LATEST TRANSACTION
control field 20260127104221.0
008 - FIXED-LENGTH DATA ELEMENTS--GENERAL INFORMATION
fixed length control field 150209s2015 enk j 000 f eng
010 ## - LIBRARY OF CONGRESS CONTROL NUMBER
LC control number 2016438324
020 ## - INTERNATIONAL STANDARD BOOK NUMBER
International Standard Book Number 9781405276177
Qualifying information pbk.
035 ## - SYSTEM CONTROL NUMBER
System control number 19169185
040 ## - CATALOGING SOURCE
Original cataloging agency DLC
Language of cataloging eng
Transcribing agency DLC
Description conventions rda
Modifying agency DLC
-- KH8
042 ## - AUTHENTICATION CODE
Authentication code pcc
082 ## - DEWEY DECIMAL CLASSIFICATION NUMBER
Classification number FIC WOO
100 1# - MAIN ENTRY--PERSONAL NAME
Personal name Woodfine, Katherine,
Dates associated with a name 1983-
Relator term author.
245 14 - TITLE STATEMENT
Title The clockwork sparrow /
Statement of responsibility, etc. Katherine Woodfine.
264 #1 - PRODUCTION, PUBLICATION, DISTRIBUTION, MANUFACTURE, AND COPYRIGHT NOTICE
Place of production, publication, distribution, manufacture London :
Name of producer, publisher, distributor, manufacturer Egmont,
Date of production, publication, distribution, manufacture, or copyright notice 2015.
300 ## - PHYSICAL DESCRIPTION
Extent 312 pages ;
Dimensions 20 cm
336 ## - CONTENT TYPE
Content type term text
Source rdacontent
337 ## - MEDIA TYPE
Media type term unmediated
Source rdamedia
338 ## - CARRIER TYPE
Carrier type term volume
Source rdacarrier
490 ## - SERIES STATEMENT
Series statement The Sinclair's Mysteries
Volume/sequential designation book 1
520 ## - SUMMARY, ETC.
Summary, etc. You are cordially invited to attend the grand opening of Sinclair's Department Store. Enter a world of bonbons, hats, perfumes and mysteries around every corner. Wonder at the daring theft of the priceless Clockwork Sparrow! Tremble as the most dastardly criminals in London enact their wicked plans! Gasp as our bold heroines, Miss Sophie Taylor and Miss Lilian Rose, break codes, devour iced buns and vow to bring the villains to justice ... A splendid adventure awaits you --
Assigning source Source other than Library of Congress.
650 #0 - SUBJECT ADDED ENTRY--TOPICAL TERM
Topical term or geographic name entry element Thieves
Form subdivision Juvenile fiction.
650 #0 - SUBJECT ADDED ENTRY--TOPICAL TERM
Topical term or geographic name entry element Detective and mystery stories.
655 #0 - INDEX TERM--GENRE/FORM
Genre/form data or focus term Children's stories.
655 #7 - INDEX TERM--GENRE/FORM
Genre/form data or focus term Fiction.
Source of term lcgft
Authority record control number or standard number https://id.loc.gov/authorities/genreForms/gf2014026339
700 ## - ADDED ENTRY--PERSONAL NAME
Personal name Sarda, Julia,
Relator term illustrator.
830 ## - SERIES ADDED ENTRY--UNIFORM TITLE
Uniform title The Sinclair's Mysteries
942 ## - ADDED ENTRY ELEMENTS (KOHA)
Source of classification or shelving scheme
Koha item type Books - Fiction
Holdings
Withdrawn status Lost status Source of classification or shelving scheme Damaged status Not for loan Collection code Permanent Location Current Location Shelving location Date acquired Full call number Barcode Date last seen Price effective from Koha item type
          Fiction KH8 Senior School Library KH8 Senior School Library Fiction 2026-01-27 FIC WOO 3KHSL000102592 2026-01-27 2026-01-27 Books - Fiction

Powered By KH8 IT Dept